000 00645nam a2200205Ii 4500
003 JO-AjNU
008 230605s9999||||xx |||||||||||||| ||und||
040 _aJO-AjNU
_bara
_erda
_cJO-AjNU
041 _aara
050 1 4 _aRE46.S242 2002
100 3 _aالصلال ، عايدة ,
_eauthor
_913673
245 0 0 _aاسئلة حائرة حول امراض العيون وجمالها
250 _aط1
264 3 1 _aبيروت:المكتبة الثقافية ،2002
300 _a123ص
336 _atext
_btxt
_2rdacontent
337 _aunmediated
_bn
_2rdamedia
338 _avolume
_bnc
_2rdacarrier
650 4 _aامراض العيون
_913674
999 _aA3465
_c7033
_d7033